000 00326nam a2200133Ia 4500
008 240624s9999 xx 000 0 und d
041 _aeng
082 _a368.32 JAW
100 _aJAWAHARLAL U
245 _aLIFE INSURANCE II
260 _c2003
_aHyderabad
_bICFAI University
300 _av, : 202 : p. : cm. ; 23
365 _cRS
999 _c2894
_d2894